Hochschulkommunikation zwischen Corona-Pandemie, Social Media und Digitalisierung – besondere Auswirkungen im Bereich Bildungsmessen
Vedecká komunikácia medzi žiakom a učiteľom na vysokých školách v súčasnom období pandémie COVID-19. Rozvoj a používanie sociálnych médií v komunikácii. Videokonferencie, online výučba, samoštúdium v čase pandémie COVID-19.
Guardado en:
| Autor principal: | |
|---|---|
| Formato: | Capítulo de libro |
| Lenguaje: | alemán |
| Materias: | |
| Etiquetas: |
Sin Etiquetas, Sea el primero en etiquetar este registro!
|
MARC
| LEADER | 00000naa a2200000 4500 | ||
|---|---|---|---|
| 001 | 0278894 | ||
| 005 | 20240502083846.3 | ||
| 041 | 0 | |a ger | |
| 044 | |a DE | ||
| 245 | 1 | 0 | |a Hochschulkommunikation zwischen Corona-Pandemie, Social Media und Digitalisierung – besondere Auswirkungen im Bereich Bildungsmessen |c Susanne Schulze |
| 520 | |a Vedecká komunikácia medzi žiakom a učiteľom na vysokých školách v súčasnom období pandémie COVID-19. Rozvoj a používanie sociálnych médií v komunikácii. Videokonferencie, online výučba, samoštúdium v čase pandémie COVID-19. | ||
| 610 | 2 | 0 | |a komunikácia |
| 610 | 2 | 0 | |a školy vysoké |
| 610 | 2 | 0 | |a médiá sociálne |
| 610 | 2 | 0 | |a pandémia |
| 610 | 2 | 0 | |a digitalizácia |
| 610 | 2 | 0 | |a koronavírus |
| 100 | 1 | |a Schulze, Susanne, 1981- | |